000 00409nam a2200133Ia 4500
008 220217s9999||||xx |||||||||||||| ||und||
020 _a81-224-1549-0
082 _a658.403 8 SHA
100 _aShajahan, S and Priyadharshini, R
245 0 _aManagement information systems
260 _aNew age international private, Ltd.
_bNew Delhi
_c2008
300 _b145
650 _aMANAGEMENT INFORMATION SYSTEM
999 _c177113
_d177113